000
00287 a2200121 4500
005
20250628201401.0
100
_a
HANSON, J. L
245
_a
Economics for Students
250
_a
5th Ed
260
_a
London
_b
Evans
_c
1963
300
_a
xii, 226p.: ill; Table
_b
Index
_c
13cm
942
_2
ddc
_c
BKS
999
_c
6194
_d
6194